Código civil de la República Argentina : Con las notas de Vélez Sarsfield y leyes y decretos complementarios /

Guardado en:
Formato: Libro
Idioma:Spanish
Publicado: Buenos Aires : Zavalía, 1968
Etiquetas: Agregar Etiqueta
Sin Etiquetas, Sea el primero en etiquetar este registro!
LEADER 00439nam a22001095a 4500
001 DER.der000141
005 20050518000000.0
008 180615s1968####||||||||||||||||||||spa||
245 1 0 |a Código civil de la República Argentina :  |b Con las notas de Vélez Sarsfield y leyes y decretos complementarios /  |c Edición al cuidado de Luis Alberto Estivill 
260 |a Buenos Aires :  |b Zavalía,  |c 1968 
300 0 |a 1257 p. 
859 |a DERECHO  |b BIB. DERECHO  |h 346  |i ARG  |p 001026